Relaxed Abduction Robust Information Interpretation for Industrial Applications /

Thomas Hubauer addresses the challenge of providing reasonable interpretations of incomplete observational data in the context of imperfect domain models – a situation often encountered in the context of industrial diagnostics. To tackle this problem, the author proposes a novel approach called Rela...

Πλήρης περιγραφή

Λεπτομέρειες βιβλιογραφικής εγγραφής
Κύριος συγγραφέας: Hubauer, Thomas (Συγγραφέας)
Συγγραφή απο Οργανισμό/Αρχή: SpringerLink (Online service)
Μορφή: Ηλεκτρονική πηγή Ηλ. βιβλίο
Γλώσσα:English
Έκδοση: Wiesbaden : Springer Fachmedien Wiesbaden : Imprint: Springer Vieweg, 2016.
Θέματα:
Διαθέσιμο Online:Full Text via HEAL-Link
LEADER 03117nam a22004935i 4500
001 978-3-658-14407-4
003 DE-He213
005 20160601072055.0
007 cr nn 008mamaa
008 160601s2016 gw | s |||| 0|eng d
020 |a 9783658144074  |9 978-3-658-14407-4 
024 7 |a 10.1007/978-3-658-14407-4  |2 doi 
040 |d GrThAP 
050 4 |a QA76.9.M35 
072 7 |a UYA  |2 bicssc 
072 7 |a UYAM  |2 bicssc 
072 7 |a COM018000  |2 bisacsh 
072 7 |a MAT003000  |2 bisacsh 
082 0 4 |a 004.0151  |2 23 
100 1 |a Hubauer, Thomas.  |e author. 
245 1 0 |a Relaxed Abduction  |h [electronic resource] :  |b Robust Information Interpretation for Industrial Applications /  |c by Thomas Hubauer. 
264 1 |a Wiesbaden :  |b Springer Fachmedien Wiesbaden :  |b Imprint: Springer Vieweg,  |c 2016. 
300 |a XVII, 134 p. 11 illus., 1 illus. in color.  |b online resource. 
336 |a text  |b txt  |2 rdacontent 
337 |a computer  |b c  |2 rdamedia 
338 |a online resource  |b cr  |2 rdacarrier 
347 |a text file  |b PDF  |2 rda 
505 0 |a Formalizing Diagnostics Using Description Logics -- Formalization and Properties of Relaxed Abduction -- Solving Diagnostic Problems Using Relaxed Abduction -- Incremental Diagnostics. 
520 |a Thomas Hubauer addresses the challenge of providing reasonable interpretations of incomplete observational data in the context of imperfect domain models – a situation often encountered in the context of industrial diagnostics. To tackle this problem, the author proposes a novel approach called Relaxed Abduction, which is able to derive pragmatic interpretations in situations where existing methods either fail or provide overly complex solutions. To strengthen the link to applications in industrial diagnostics, he develops a methodology to structure diagnosis problems according to ISO 13379 and express it using multiple description logic knowledge bases. Contents Formalizing Diagnostics Using Description Logics Formalization and Properties of Relaxed Abduction Solving Diagnostic Problems Using Relaxed Abduction Incremental Diagnostics Target Groups Researchers and students of computer science, knowledge management, and applied mathematics Practitioners in the area of industrial diagnostics and maintenance The Author Thomas Hubauer is a Research Scientist at the R&D department of a large German engineering company. His topics of interest range from ontologies and reasoning to machine learning and data analytics. 
650 0 |a Computer science. 
650 0 |a Computer science  |x Mathematics. 
650 0 |a Computers. 
650 0 |a Applied mathematics. 
650 0 |a Engineering mathematics. 
650 1 4 |a Computer Science. 
650 2 4 |a Mathematics of Computing. 
650 2 4 |a Computing Methodologies. 
650 2 4 |a Appl.Mathematics/Computational Methods of Engineering. 
710 2 |a SpringerLink (Online service) 
773 0 |t Springer eBooks 
776 0 8 |i Printed edition:  |z 9783658144067 
856 4 0 |u http://dx.doi.org/10.1007/978-3-658-14407-4  |z Full Text via HEAL-Link 
912 |a ZDB-2-SCS 
950 |a Computer Science (Springer-11645)